00239 a2200109 4500001000700000020000600007040001100013100003900024240003100063245002600094362000900120168967 a  cMagnum aMarcellino, Nelson Carvalho Et Al.10aPedagogia da animacaolpor10aPedagogia da animacao0 a1899